Computer networks
Αποθηκεύτηκε σε:
| Κύριος συγγραφέας: | |
|---|---|
| Μορφή: | Βιβλίο |
| Γλώσσα: | English |
| Δημοσίευση: |
Upper Saddle River N.J. :
Prentice Hall,
c1996.
|
| Έκδοση: | 3η εκδ. |
| Θέματα: | |
| Ετικέτες: |
Προσθήκη ετικέτας
Δεν υπάρχουν, Καταχωρήστε ετικέτα πρώτοι!
|
MARC
| LEADER | 00000cam a2200000 i 4500 | ||
|---|---|---|---|
| 001 | 1/4284 | ||
| 008 | 980514s1996 nju| ||| |||| ||eng|| | ||
| 020 | |a 0133499456 | ||
| 020 | |a 0133942481 | ||
| 035 | |l 10061117 | ||
| 040 | |a GR-MyUa |b gre |e AACR2 | ||
| 041 | 0 | |a eng | |
| 082 | 7 | |a 004.6 |2 (22) | |
| 100 | 1 | |a Tanenbaum, Andrew S., |d 1944- | |
| 245 | 1 | 0 | |a Computer networks / |c Andrew S. Tanenbaum. |
| 250 | |a 3η εκδ. | ||
| 260 | |a Upper Saddle River N.J. : |b Prentice Hall, |c c1996. | ||
| 300 | |a xvii, 813 σ. : |b εικ. ; |c 24 εκ. | ||
| 504 | |a Περιλαμβάνει βιβλιογραφικές παραπομπές (σ. 767-794) και ευρετήριο. | ||
| 650 | 0 | |a Computer networks. | |
| 767 | 0 | 8 | |i Μεταφρασμένο ως: |t Δίκτυα υπολογιστών / |
| 852 | |a INST |b CHIOS |e 20000525 |h 004.6 TAN |p 005200017579 |q 005200017579 |t BK |y 0 | ||
| 852 | |a INST |b CHIOS |e 20000223 |h 004.6 TAN |p 005200018527 |q 005200018527 |t BK |y 0 | ||
| 852 | |a INST |b LESVOS |e 20000425 |h 004.6 TAN |p 005100020181 |q 005100020181 |t BK |y 0 | ||
| 852 | |a INST |b SAMOS |e 19980514 |h 004.6 TAN |p 005300011583 |q 005300011583 |t BK |y 0 | ||
| 852 | |a INST |b SAMOS |e 19980514 |h 004.6 TAN |p 005300011585 |q 005300011585 |t BK |y 0 | ||
| 852 | |a INST |b SAMOS |e 20010326 |h 004.6 TAN |p 005300021329 |q 005300021329 |t BK |y 0 | ||
| 852 | |a INST |b SAMOS |e 20010326 |h 004.6 TAN |p 005300021330 |q 005300021330 |t BK |y 0 | ||
| 852 | |a INST |b SAMOS |e 20010326 |h 004.6 TAN |p 005300021331 |q 005300021331 |t BK |y 0 | ||
| 852 | |a INST |b SAMOS |e 20010326 |h 004.6 TAN |p 005300021332 |q 005300021332 |t BK |y 0 | ||
| 852 | |a INST |b SAMOS |e 20010326 |h 004.6 TAN |p 005300021333 |q 005300021333 |t BK |y 0 | ||
| 852 | |a INST |b SAMOS |e 20010326 |h 004.6 TAN |p 005300021334 |q 005300021334 |t BK |y 0 | ||
| 901 | |a BIBL3-2001-1 | ||
| 901 | |a BIBL-1998-2 | ||
| 901 | |a BIBL2-2000-2 | ||
| 920 | |a Τμήμα Ναυτιλίας και Επιχειρηματικών Υπηρεσιών |y Χίος |z 2000-02 | ||
| 922 | |a 3ΕΛΗ |b 200008 |c ΤΠΕΣ/ΠΟΛ-2 |d Leader | ||
| 922 | |a 3ΕΛΗ |b 199805 |c ΚΠΣ |d Παπασωτηρίου | ||
| 922 | |a 2ΕΛΗ |b 200005 |c ΤΔΕ |d Παπασωτηρίου | ||
| 922 | |a 1ΕΛΗ |b 200003 |c ΤΑΚ/ΚΥΒ |d Παπασωτηρίου | ||
| 950 | |a 112-1999-11-03 | ||
| 950 | |a 023-1999-11-18 | ||
| 970 | |a Κοσιέρης |b Χρήστος |z 2001/03/26 | ||